Continuous delivery

שמור ב:
מידע ביבליוגרפי
מחבר ראשי: Humble, Jez
פורמט: ספר
יצא לאור: Pearson
תגים: הוספת תג
אין תגיות, היה/י הראשונ/ה לתייג את הרשומה!

MARC

LEADER 00000nam a2200000Ia 4500
005 20260515061614.0
100 |a Humble, Jez, 
020 |a 9780321601919 
942 |c BK 
245 |a Continuous delivery  
260 |b Pearson 
999 |c 17  |d 17 
952 |0 0  |1 0  |4 0  |7 0  |a ABDN  |b ABDN  |d 2026-05-15  |l 0  |p 000023  |r 2026-05-15 06:16:14  |w 2026-05-15  |y BK